[Event "Skopje op-B"]
[Site "Skopje"]
[Date "2024.12.17"]
[Round "9"]
[White "Cvetkovski, Slobodan"]
[Black "Matei, Stefan Razvan"]
[Result "0-1"]
[WhiteElo "1753"]
[BlackElo "1814"]
[PlyCount "52"]
[EventDate "2024.12.11"]
[EventType "swiss"]
[EventRounds "9"]
[EventCountry "MKD"]
[SourceTitle "CB52_2024"]
[SourceDate "2024.12.25"]
[SourceVersion "1"]
[SourceVersionDate "2024.12.25"]
[SourceQuality "1"]

1. e4 c5 2. Nf3 g6 3. d4 cxd4 4. Nxd4 Nc6 5. Nxc6 bxc6 6. Bd3 Bg7 7. c3 d6 8. 0-0 Nf6 9. Nd2 0-0 10. Nf3 Bg4 11. h3 Bxf3 12. Qxf3 Nd7 13. Qe2 e5 14. f4 exf4 15. Bxf4 Ne5 16. Bc2 Qb6+ 17. Qe3 Qxb2 18. Bb3 Qa3 19. Rad1 a5 20. Qf2 a4 21. Bxe5 Bxe5 22. Bxf7+ Kg7 23. Qb6 Qxc3 24. Qb7 Qe3+ 25. Kh1 Qg3 26. Be8+ Kh6 0-1

[Event "Skopje op-B"]
[Site "Skopje"]
[Date "2024.12.16"]
[Round "8"]
[White "Matei, Stefan Razvan"]
[Black "Radonjanin, Nikola"]
[Result "1/2-1/2"]
[WhiteElo "1814"]
[BlackElo "1776"]
[PlyCount "109"]
[EventDate "2024.12.11"]
[EventType "swiss"]
[EventRounds "9"]
[EventCountry "MKD"]
[SourceTitle "CB52_2024"]
[SourceDate "2024.12.25"]
[SourceVersion "1"]
[SourceVersionDate "2024.12.25"]
[SourceQuality "1"]

1. e4 e5 2. Bc4 Nf6 3. d3 Nc6 4. Nc3 Na5 5. Nge2 Nxc4 6. dxc4 Bb4 7. 0-0 0-0 8. Qd3 d6 9. h3 Be6 10. Bg5 Bxc3 11. Nxc3 h6 12. Be3 Nh5 13. Ne2 f5 14. exf5 Bxf5 15. Qd2 Be6 16. b3 Qe8 17. f4 Qg6 18. Kh2 exf4 19. Bxf4 Rae8 20. Be3 Bf5 21. Rf2 Bxc2 22. Qd5+ Kh7 23. Qd2 Rxf2 24. Bxf2 Qf5 25. Ng3 Nxg3 26. Bxg3 Qd3 27. Qf4 Re2 28. Re1 Rxe1 29. Bxe1 Bb1 30. Qf2 Qe4 31. Bc3 b6 32. Qg3 Qg6 33. Qf2 Kg8 34. a3 Qd3 35. Qe1 Qe4 36. Qg3 g5 37. Qf3 Qxf3 38. gxf3 Ba2 39. c5 bxc5 40. b4 c4 41. Kg3 Bb1 42. f4 Kf7 43. fxg5 hxg5 44. h4 gxh4+ 45. Kxh4 Ke6 46. Kg4 Kd5 47. Kf4 c5 48. Ke3 a6 49. Bg7 Kc6 50. Kd2 d5 51. bxc5 Kxc5 52. Ke3 Be4 53. Bf8+ Kb5 54. Kd4 Ka4 55. Kc3 1/2-1/2

[Event "Skopje op-B"]
[Site "Skopje"]
[Date "2024.12.15"]
[Round "7"]
[White "Gochev, Gincho"]
[Black "Matei, Stefan Razvan"]
[Result "1/2-1/2"]
[WhiteElo "1893"]
[BlackElo "1814"]
[PlyCount "76"]
[EventDate "2024.12.11"]
[EventType "swiss"]
[EventRounds "9"]
[EventCountry "MKD"]
[SourceTitle "CB52_2024"]
[SourceDate "2024.12.25"]
[SourceVersion "1"]
[SourceVersionDate "2024.12.25"]
[SourceQuality "1"]

1. Nf3 Nf6 2. b3 g6 3. Bb2 Bg7 4. e3 0-0 5. Be2 c5 6. 0-0 Nc6 7. d4 cxd4 8. Nxd4 Nxd4 9. Bxd4 d5 10. Nd2 b6 11. c4 Bb7 12. Bf3 Re8 13. Be5 e6 14. Qc2 Rc8 15. Qb2 Qe7 16. Rfd1 Red8 17. Rac1 Ne8 18. Bxg7 Nxg7 19. h3 h6 20. cxd5 Rxc1 21. Rxc1 exd5 22. Nb1 Nf5 23. Rd1 Nh4 24. Qd4 Nxf3+ 25. gxf3 Bc8 26. h4 g5 27. Kf1 Ba6+ 28. Ke1 Qd6 29. Nc3 Qh2 30. Ne4 Rc8 31. Nf6+ Kf8 32. Ng4 Qh1+ 33. Kd2 Qxf3 34. Qh8+ Ke7 35. Qe5+ Kf8 36. Qh8+ Ke7 37. Qe5+ Kf8 38. Qh8+ Ke7 1/2-1/2

[Event "Skopje op-B"]
[Site "Skopje"]
[Date "2024.12.14"]
[Round "4"]
[White "Matei, Stefan Razvan"]
[Black "Bekiari, Angeliki"]
[Result "1-0"]
[WhiteElo "1814"]
[BlackElo "1553"]
[PlyCount "46"]
[EventDate "2024.12.11"]
[EventType "swiss"]
[EventRounds "9"]
[EventCountry "MKD"]
[SourceTitle "CB52_2024"]
[SourceDate "2024.12.25"]
[SourceVersion "1"]
[SourceVersionDate "2024.12.25"]
[SourceQuality "1"]

1. e4 e6 2. d4 d5 3. exd5 exd5 4. Bd3 Nc6 5. c3 Nf6 6. Bf4 g6 7. Nf3 Bg4 8. Nbd2 Bg7 9. h3 Bxf3 10. Nxf3 0-0 11. 0-0 Nd7 12. Re1 Re8 13. Bb5 a6 14. Bxc6 bxc6 15. Qd2 c5 16. dxc5 Nxc5 17. Rad1 c6 18. Be5 Bxe5 19. Nxe5 Ne4 20. Qf4 Nd6 21. h4 Nf5 22. g3 h5 23. Re2 Kg7 1-0

[Event "Skopje op-B"]
[Site "Skopje"]
[Date "2024.12.12"]
[Round "2"]
[White "Matei, Stefan Razvan"]
[Black "Achkoski, Petar"]
[Result "1/2-1/2"]
[WhiteElo "1814"]
[BlackElo "1682"]
[PlyCount "72"]
[EventDate "2024.12.11"]
[EventType "swiss"]
[EventRounds "9"]
[EventCountry "MKD"]
[SourceTitle "CB52_2024"]
[SourceDate "2024.12.25"]
[SourceVersion "1"]
[SourceVersionDate "2024.12.25"]
[SourceQuality "1"]

1. e4 e6 2. d4 d5 3. Nc3 Nf6 4. Bg5 dxe4 5. Nxe4 Be7 6. Bxf6 Bxf6 7. Nf3 Be7 8. Bd3 b6 9. c3 Bb7 10. 0-0 Nd7 11. Re1 0-0 12. Qe2 c5 13. Rad1 Qc7 14. Ng3 Qf4 15. Be4 Bxe4 16. Nxe4 Rad8 17. d5 exd5 18. Rxd5 Nf6 19. Nxf6+ Bxf6 20. Rxd8 Bxd8 21. Ne5 Bc7 22. g3 Qxe5 23. Qxe5 Bxe5 24. Rxe5 f6 25. Rd5 Rf7 26. Kf1 Re7 27. b4 cxb4 28. cxb4 Kf7 29. a4 Ke6 30. Rd3 Rd7 31. Rc3 Rd4 32. Rc7 Rd7 33. Rc4 Kd5 34. Rc8 Re7 35. Rc2 Kd6 36. Rd2+ Kc6 1/2-1/2

[Event "Skopje op-B"]
[Site "Skopje"]
[Date "2024.12.11"]
[Round "1"]
[White "Lazarova, Jovana"]
[Black "Matei, Stefan Razvan"]
[Result "0-1"]
[WhiteElo "1536"]
[BlackElo "1814"]
[PlyCount "110"]
[EventDate "2024.12.11"]
[EventType "swiss"]
[EventRounds "9"]
[EventCountry "MKD"]
[SourceTitle "CB52_2024"]
[SourceDate "2024.12.25"]
[SourceVersion "1"]
[SourceVersionDate "2024.12.25"]
[SourceQuality "1"]

1. e4 c5 2. c3 g6 3. d4 cxd4 4. cxd4 d5 5. e5 Bg7 6. Nc3 Nc6 7. Be3 Nh6 8. Bd3 0-0 9. Nge2 Nf5 10. Bxf5 Bxf5 11. Ng3 Be6 12. 0-0 f6 13. f4 fxe5 14. fxe5 Rxf1+ 15. Qxf1 Qb6 16. Na4 Qb4 17. Qd1 Rf8 18. Nc5 Bc8 19. Qb3 Qxb3 20. axb3 Rf7 21. Ne2 b6 22. Nd3 Bf5 23. Ndf4 e6 24. Ng3 Bh6 25. Nxf5 gxf5 26. g3 Bxf4 27. gxf4 Nb4 28. Rc1 Rg7+ 29. Kf1 Rd7 30. Rc3 Na6 31. Bf2 Rc7 32. Rg3+ Kf7 33. Rh3 Rc1+ 34. Kg2 Kg6 35. Rg3+ Kh6 36. Rg8 Rc2 37. Re8 Nc7 38. Rc8 Kg6 39. Kf3 Kf7 40. Bh4 Nb5 41. Rh8 Rxb2 42. Rxh7+ Kg6 43. Re7 Rxb3+ 44. Kg2 Nxd4 45. Rxa7 Rb2+ 46. Kf1 Nf3 47. Bg3 b5 48. Ra8 b4 49. Rg8+ Kf7 50. Rc8 b3 51. Rc3 Nd2+ 52. Kg1 Nc4 53. Be1 Rb1 54. Kf2 b2 55. Rb3 Rc1 0-1

[Event "Pardubice Czech op-C 32nd"]
[Site "Pardubice"]
[Date "2021.07.27"]
[Round "5"]
[White "Voldanova, Barbora"]
[Black "Matei, Stefan Razvan"]
[Result "1/2-1/2"]
[WhiteElo "1423"]
[BlackElo "1620"]
[PlyCount "118"]
[EventDate "2021.07.24"]
[EventType "swiss"]
[EventRounds "9"]
[EventCountry "CZE"]
[SourceTitle "EXT 2022"]
[Source "ChessBase"]
[SourceDate "2021.10.06"]
[SourceVersion "1"]
[SourceVersionDate "2021.10.06"]
[SourceQuality "1"]

1. d4 Nf6 2. e3 e6 3. b3 Bb4+ 4. Bd2 Bxd2+ 5. Nxd2 0-0 6. Ngf3 b6 7. Bd3 Bb7 8. 0-0 d5 9. Ne5 Nbd7 10. Nxd7 Qxd7 11. Rc1 c5 12. dxc5 bxc5 13. c4 Rac8 14. Be2 Rfd8 15. Bf3 Qe7 16. Qc2 d4 17. exd4 Rxd4 18. Bxb7 Qxb7 19. Nf3 Rg4 20. Qd3 h5 21. h3 Rf4 22. Rfe1 Re4 23. Rxe4 Qxe4 24. Qxe4 Nxe4 25. Rd1 Nc3 26. Rd2 a5 27. Rc2 Ne4 28. Nd2 Nxd2 29. Rxd2 a4 30. Kh2 Rb8 31. Rd3 axb3 32. Rxb3 Ra8 33. a3 Ra4 34. Rc3 Kf8 35. Kg3 Ke7 36. Kf4 Ra8 37. Kg5 g6 38. Kf4 Rd8 39. Ke3 Rd1 40. Ke2 Ra1 41. h4 Ra2+ 42. Ke3 Rb2 43. g3 Rb1 44. Kd3 Rf1 45. Ke2 Ra1 46. Kd3 Kd6 47. Ke4 Re1+ 48. Kf3 f6 49. Rd3+ Ke7 50. Rc3 Rd1 51. Ke3 Ra1 52. Kf3 Ra2 53. Ke3 e5 54. Kf3 f5 55. Ke3 Rb2 56. Kf3 e4+ 57. Ke3 Ke6 58. f3 Rg2 59. Kf4 exf3 1/2-1/2

[Event "Pardubice Czech op-C 32nd"]
[Site "Pardubice"]
[Date "2021.07.26"]
[Round "4"]
[White "Matei, Stefan Razvan"]
[Black "Levinsky, Ladislav"]
[Result "1-0"]
[WhiteElo "1620"]
[BlackElo "1465"]
[PlyCount "107"]
[EventDate "2021.07.24"]
[EventType "swiss"]
[EventRounds "9"]
[EventCountry "CZE"]
[SourceTitle "EXT 2022"]
[Source "ChessBase"]
[SourceDate "2021.10.06"]
[SourceVersion "1"]
[SourceVersionDate "2021.10.06"]
[SourceQuality "1"]

1. e4 e6 2. d4 d5 3. Nc3 dxe4 4. Nxe4 Nf6 5. Bg5 Be7 6. Bxf6 Bxf6 7. Nf3 g6 8. Nxf6+ Qxf6 9. Be2 b6 10. Ne5 Bb7 11. Bf3 Bxf3 12. Nxf3 0-0 13. 0-0 Rd8 14. Qe2 Nc6 15. c3 Ne7 16. Ne5 a6 17. a4 Kg7 18. f4 h5 19. Nd3 Qf5 20. Qe5+ Qxe5 21. Nxe5 Rd6 22. Rfe1 Rc8 23. Re2 Nd5 24. g3 c5 25. Nf3 Ne7 26. dxc5 Rxc5 27. Nd4 Nf5 28. Nxf5+ Rxf5 29. b4 Rfd5 30. Raa2 Kf6 31. Kf2 Rd1 32. c4 R6d4 33. Rec2 e5 34. fxe5+ Kxe5 35. b5 axb5 36. cxb5 f5 37. Rc6 Rd6 38. Re2+ Kd5 39. Rcc2 Rd4 40. Ra2 Kc5 41. Rec2+ Rc4 42. Rxc4+ Kxc4 43. Rc2+ Kb4 44. Rc6 Rd2+ 45. Kg1 Kxa4 46. Rxb6 g5 47. Rf6 Kxb5 48. Rxf5+ Kc4 49. Rxg5 Rd5 50. Rxd5 Kxd5 51. Kg2 Ke5 52. Kf3 Kf5 53. h3 Kg5 54. Ke4 1-0

[Event "Bicaz City Cup"]
[Site "Bicaz"]
[Date "2020.03.06"]
[Round "2"]
[White "Filip, Andrei"]
[Black "Matei, Stefan Razvan"]
[Result "1-0"]
[WhiteElo "2103"]
[BlackElo "1685"]
[PlyCount "79"]
[EventDate "2020.03.05"]
[EventType "swiss"]
[EventRounds "7"]
[EventCountry "ROU"]
[SourceTitle "CBM 195 Extra"]
[Source "ChessBase"]
[SourceDate "2020.05.31"]
[SourceVersion "1"]
[SourceVersionDate "2020.05.31"]
[SourceQuality "1"]

1. e4 c6 2. d4 d5 3. Nd2 dxe4 4. Nxe4 h6 5. Nf3 Bf5 6. Ng3 Bh7 7. Bd3 Bxd3 8. Qxd3 Nf6 9. Bd2 e6 10. 0-0-0 Qc7 11. Ne4 Nbd7 12. g3 Nxe4 13. Qxe4 Nf6 14. Qe2 Bd6 15. Ne5 Bxe5 16. dxe5 Nd5 17. c4 Ne7 18. Bc3 0-0 19. Rd3 Rad8 20. Rhd1 c5 21. Qe3 b6 22. Qd2 Nc6 23. Rd7 Rxd7 24. Qxd7 Qxd7 25. Rxd7 Rc8 26. Kc2 Kf8 27. Kb3 Ke8 28. Rb7 Ra8 29. Ka4 Nd8 30. Rc7 a6 31. b4 b5+ 32. cxb5 axb5+ 33. Kxb5 Rxa2 34. bxc5 Rxf2 35. Ba5 Rb2+ 36. Ka6 Rb1 37. Rc8 Rd1 38. Rxd8+ Rxd8 39. Bxd8 Kxd8 40. Kb7 1-0

[Event "Albena Masters op"]
[Site "Albena"]
[Date "2014.06.04"]
[Round "4"]
[White "Raondi, Yan Martin"]
[Black "Matei, Stefan Razvan"]
[Result "0-1"]
[WhiteElo "1644"]
[BlackElo "1796"]
[PlyCount "110"]
[EventDate "2014.06.01"]
[EventType "swiss"]
[EventRounds "9"]
[EventCountry "BUL"]
[SourceTitle "CBM 160 Extra"]
[Source "ChessBase"]
[SourceDate "2014.07.01"]
[SourceVersion "1"]
[SourceVersionDate "2014.07.01"]
[SourceQuality "1"]

1. d4 g6 2. Nf3 Bg7 3. Bf4 c5 4. e3 Nf6 5. Be2 Qb6 6. Qc1 0-0 7. 0-0 d6 8. Nbd2 Nc6 9. h3 cxd4 10. exd4 Nxd4 11. Nxd4 Qxd4 12. Nb3 Qb6 13. Be3 Qc7 14. Rd1 Bd7 15. c3 Bc6 16. Nd4 e5 17. Nxc6 bxc6 18. Qc2 a5 19. Qa4 Nd5 20. Bd2 Nb6 21. Qc2 a4 22. Be3 d5 23. Bc5 Rfd8 24. f3 Nd7 25. Bf2 Nf8 26. Bh4 Rdb8 27. Bg3 Qb6+ 28. Bf2 Qxb2 29. Qd3 Qb7 30. Rab1 Qc7 31. Rxb8 Rxb8 32. Qa6 Rb2 33. Bf1 Qb7 34. Qxa4 Ne6 35. Ba6 Qc7 36. Qa3 Rb8 37. Bf1 d4 38. cxd4 exd4 39. Bc4 c5 40. Re1 Nf4 41. Kh1 Nh5 42. Qc1 Bf8 43. Bb3 Rb4 44. Re8 Qd7 45. Qe1 Nf6 46. Ra8 Qb7 47. Rd8 Qc7 48. Ra8 Kg7 49. Bg3 Bd6 50. Bh4 c4 51. Bxf6+ Kxf6 52. Qh4+ Kg7 53. Qxd4+ Be5 54. Qe4 cxb3 55. Qe3 b2 0-1

[Event "Albena Masters op"]
[Site "Albena"]
[Date "2014.06.03"]
[Round "3"]
[White "Matei, Stefan Razvan"]
[Black "Andronescu, Madalin"]
[Result "0-1"]
[WhiteElo "1796"]
[BlackElo "2132"]
[PlyCount "64"]
[EventDate "2014.06.01"]
[EventType "swiss"]
[EventRounds "9"]
[EventCountry "BUL"]
[SourceTitle "CBM 160 Extra"]
[Source "ChessBase"]
[SourceDate "2014.07.01"]
[SourceVersion "1"]
[SourceVersionDate "2014.07.01"]
[SourceQuality "1"]

1. Nf3 Nf6 2. c4 b6 3. g3 Bb7 4. Bg2 e6 5. 0-0 Be7 6. Nc3 0-0 7. d3 d5 8. cxd5 Nxd5 9. Nxd5 exd5 10. d4 c5 11. Bf4 g5 12. Bxb8 Rxb8 13. e3 c4 14. Ne5 f6 15. Nf3 b5 16. Nd2 b4 17. Qh5 a5 18. f4 c3 19. bxc3 bxc3 20. fxg5 Qe8 21. Bxd5+ Bxd5 22. g6 hxg6 23. Qxd5+ Kg7 24. Nf3 Ba3 25. e4 c2 26. Qxa5 c1Q 27. Raxc1 Bxc1 28. Rxc1 Qxe4 29. Rc7+ Kg8 30. Qa7 Rb1+ 31. Kg2 Rb2+ 32. Kh3 Qf5+ 0-1

[Event "Albena Masters op"]
[Site "Albena"]
[Date "2014.06.01"]
[Round "1"]
[White "Matei, Stefan Razvan"]
[Black "Nikolov, Sasho"]
[Result "0-1"]
[WhiteElo "1796"]
[BlackElo "2358"]
[PlyCount "90"]
[EventDate "2014.06.01"]
[EventType "swiss"]
[EventRounds "9"]
[EventCountry "BUL"]
[SourceTitle "CBM 160 Extra"]
[Source "ChessBase"]
[SourceDate "2014.07.01"]
[SourceVersion "1"]
[SourceVersionDate "2014.07.01"]
[SourceQuality "1"]

1. d4 Nf6 2. Nf3 e6 3. c4 b6 4. Nc3 Bb7 5. Bg5 h6 6. Bh4 Bb4 7. Qb3 a5 8. a3 Be7 9. e3 0-0 10. Be2 d6 11. 0-0 Nbd7 12. Qc2 Nh5 13. Bxe7 Qxe7 14. Nd2 Nhf6 15. Bf3 Bxf3 16. Nxf3 e5 17. d5 e4 18. Nd4 Nc5 19. Nc6 Qe8 20. b4 Nb7 21. Ra2 Nd8 22. Nd4 Qe5 23. Ncb5 axb4 24. axb4 Ng4 25. g3 Qh5 26. h4 Rxa2 27. Qxa2 g5 28. Nf5 gxh4 29. Nxh4 Kh7 30. Nd4 Rg8 31. Qc2 Qe5 32. Ng2 f5 33. Qe2 b5 34. Nxb5 Nf7 35. Nd4 Ng5 36. Nf4 Ra8 37. Rb1 Qf6 38. Kg2 Ne5 39. Qb2 Rg8 40. Rh1 Ngf3 41. Rh5 Rg5 42. Nde6 Rg8 43. Nd4 Ng6 44. Nxg6 Rxg6 45. Rxf5 Nh4+ 0-1

[Event "Iasi op"]
[Site "Iasi"]
[Date "2014.05.12"]
[Round "3"]
[White "Van der Merwe, Cecile Henriette"]
[Black "Matei, Stefan Razvan"]
[Result "1-0"]
[WhiteElo "2043"]
[BlackElo "1761"]
[PlyCount "57"]
[EventDate "2014.05.10"]
[EventType "swiss"]
[EventRounds "9"]
[EventCountry "ROU"]
[SourceTitle "CBM 160 Extra"]
[Source "ChessBase"]
[SourceDate "2014.07.01"]
[SourceVersion "1"]
[SourceVersionDate "2014.07.01"]
[SourceQuality "1"]

1. e4 g6 2. d4 Bg7 3. Nc3 c5 4. Nf3 cxd4 5. Nxd4 Nc6 6. Be3 Nf6 7. Nxc6 bxc6 8. e5 Ng8 9. f4 f6 10. Bc4 fxe5 11. 0-0 e4 12. Bxg8 Bxc3 13. Bxh7 Rxh7 14. bxc3 d5 15. Qe1 Ba6 16. Qg3 Qd6 17. Rfd1 Qe6 18. Rab1 Kf7 19. Bd4 Be2 20. Rd2 Qg4 21. Qxg4 Bxg4 22. Rb7 a5 23. Rc7 Rb8 24. h3 Rb1+ 25. Kf2 Be6 26. Bc5 Ke8 27. Rxc6 Bd7 28. Ra6 Rb5 29. Be3 1-0

[Event "Baile Felix Cup 27th"]
[Site "Baile Felix"]
[Date "2012.06.05"]
[Round "7"]
[White "Pribeanu, Mihail Dacian"]
[Black "Matei, Stefan Razvan"]
[Result "1-0"]
[WhiteElo "2142"]
[BlackElo "1790"]
[PlyCount "80"]
[EventDate "2012.06.01"]
[EventType "swiss"]
[EventRounds "7"]
[EventCountry "ROU"]
[SourceTitle "CBM 148 Extra"]
[Source "ChessBase"]
[SourceDate "2012.06.22"]
[SourceVersion "1"]
[SourceVersionDate "2012.06.22"]
[SourceQuality "1"]

1. Nf3 f5 2. g3 Nf6 3. Bg2 e6 4. 0-0 d5 5. d4 Bd6 6. b3 0-0 7. Ba3 Bxa3 8. Nxa3 Qe7 9. Qc1 c6 10. c4 Nbd7 11. Qb2 Ne4 12. e3 Rf7 13. Nc2 g5 14. Nce1 g4 15. Ne5 Nxe5 16. dxe5 Bd7 17. Nd3 Raf8 18. Nf4 Qg5 19. Rac1 Bc8 20. b4 Qd8 21. b5 Qa5 22. Bxe4 dxe4 23. Rfd1 c5 24. Rd6 Re7 25. Rcd1 Kf7 26. Kg2 Rfe8 27. Rh1 Rd8 28. h3 gxh3+ 29. Rxh3 Kg8 30. Nh5 Qc7 31. Nf6+ Kh8 32. Qd2 Rf8 33. a4 Rg7 34. a5 Qe7 35. Rh6 a6 36. b6 Qf7 37. Qd1 Qe7 38. Qh5 Qf7 39. Qh4 Qe7 40. Qh5 Qf7 1-0

[Event "Bucharest Gaudeamus Cup 3rd"]
[Site "Bucharest"]
[Date "2011.06.18"]
[Round "3"]
[White "Matei, Stefan Razvan"]
[Black "Andronescu, Madalin"]
[Result "0-1"]
[WhiteElo "1821"]
[BlackElo "2077"]
[PlyCount "56"]
[EventDate "2011.06.17"]
[EventType "swiss"]
[EventRounds "5"]
[EventCountry "ROU"]
[SourceTitle "CBM 143 Extra"]
[Source "ChessBase"]
[SourceDate "2011.08.29"]
[SourceVersion "1"]
[SourceVersionDate "2011.08.29"]
[SourceQuality "1"]

1. e4 g6 2. Nc3 Bg7 3. f4 e5 4. Nf3 d6 5. Bc4 Nc6 6. 0-0 exf4 7. d4 Bg4 8. Bxf4 Bxd4+ 9. Kh1 Qd7 10. Qd2 Bxf3 11. Rxf3 0-0-0 12. Nd5 f6 13. Rb3 Bb6 14. Bb5 Qe6 15. Nxb6+ axb6 16. Bxc6 bxc6 17. Re1 Ne7 18. Bg3 c5 19. Ra3 Kb7 20. b4 cxb4 21. Qxb4 Ra8 22. Rxa8 Rxa8 23. c4 Rxa2 24. Qb3 Ra5 25. Qf3 Nc6 26. Bf2 Ne5 27. Qc3 Qxc4 28. Qh3 Nd3 0-1

[Event "Bucharest Gaudeamus Cup 3rd"]
[Site "Bucharest"]
[Date "2011.06.17"]
[Round "1"]
[White "Matei, Stefan Razvan"]
[Black "Cirlan, Ionut Gheorghe"]
[Result "0-1"]
[WhiteElo "1821"]
[BlackElo "2131"]
[PlyCount "67"]
[EventDate "2011.06.17"]
[EventType "swiss"]
[EventRounds "5"]
[EventCountry "ROU"]
[SourceTitle "CBM 143 Extra"]
[Source "ChessBase"]
[SourceDate "2011.08.29"]
[SourceVersion "1"]
[SourceVersionDate "2011.08.29"]
[SourceQuality "1"]

1. e4 c5 2. Nc3 e6 3. Bc4 a6 4. a4 Nc6 5. f4 d6 6. Nf3 Nf6 7. d3 d5 8. Ba2 dxe4 9. Nxe4 Be7 10. 0-0 0-0 11. Qe1 b6 12. Bd2 Bb7 13. Bc3 Nd4 14. Bxd4 cxd4 15. Nfg5 Bd5 16. Bxd5 Nxd5 17. Qg3 h6 18. Nf3 Ne3 19. Rf2 Rc8 20. Ne5 Bh4 21. Qh3 Bxf2+ 22. Nxf2 Rxc2 23. g4 Qd5 24. Re1 Rfc8 25. Ne4 Rc1 26. Rxc1 Rxc1+ 27. Kf2 Rc2+ 28. Kf3 f5 29. gxf5 exf5 30. Qh5 fxe4+ 31. dxe4 Qe6 32. h3 Rh2 33. Ng4 Nxg4 34. Kg3 0-1

[Event "Bucharest Gaudeamus Cup 1st"]
[Site "Bucharest"]
[Date "2011.03.27"]
[Round "5"]
[White "Matei, Stefan Razvan"]
[Black "Constantin, Dragos Georgian"]
[Result "0-1"]
[WhiteElo "1830"]
[BlackElo "2108"]
[PlyCount "68"]
[EventDate "2011.03.25"]
[EventType "swiss"]
[EventRounds "5"]
[EventCountry "ROU"]
[SourceTitle "CBM 141 Extra"]
[Source "ChessBase"]
[SourceDate "2011.05.03"]
[SourceVersion "1"]
[SourceVersionDate "2011.05.03"]
[SourceQuality "1"]

1. e4 c5 2. Nf3 d6 3. Bb5+ Nd7 4. 0-0 a6 5. Bxd7+ Bxd7 6. c4 e5 7. Nc3 f5 8. d3 f4 9. Nd5 Nf6 10. Qb3 b5 11. Re1 Be7 12. Nxe7 Qxe7 13. Bxf4 Bg4 14. Bg3 Bxf3 15. gxf3 b4 16. Kf1 0-0 17. Ke2 Qf7 18. Rg1 Nh5 19. Raf1 Qxf3+ 20. Ke1 Nf4 21. Bxf4 Rxf4 22. Qd1 Qh3 23. Qe2 Raf8 24. Rg3 Qxh2 25. Rfg1 g6 26. R1g2 Qh1+ 27. Rg1 Qh4 28. R1g2 Rxf2 29. Qg4 Qh1+ 30. Rg1 Rf1+ 31. Kd2 R8f2+ 32. Ke3 Qh6+ 33. Qg5 Qxg5+ 34. Rxg5 Rxg1 0-1

[Event "Bucharest Gaudeamus Cup 1st"]
[Site "Bucharest"]
[Date "2011.03.26"]
[Round "3"]
[White "Matei, Stefan Razvan"]
[Black "Zamora, Aurel"]
[Result "1-0"]
[WhiteElo "1830"]
[BlackElo "1673"]
[PlyCount "117"]
[EventDate "2011.03.25"]
[EventType "swiss"]
[EventRounds "5"]
[EventCountry "ROU"]
[SourceTitle "CBM 141 Extra"]
[Source "ChessBase"]
[SourceDate "2011.05.03"]
[SourceVersion "1"]
[SourceVersionDate "2011.05.03"]
[SourceQuality "1"]

1. e4 e5 2. Nc3 Nf6 3. f4 d5 4. fxe5 Nxe4 5. Qf3 Nc6 6. Bb5 a6 7. Bxc6+ bxc6 8. Nxe4 dxe4 9. Qxe4 Qd5 10. Qxd5 cxd5 11. Nf3 Be7 12. 0-0 Bg4 13. d4 c5 14. Be3 Rb8 15. b3 cxd4 16. Bxd4 Bb4 17. c3 Ba3 18. Ng5 0-0 19. h3 Be2 20. Rf2 Bd3 21. Rd1 Bg6 22. Nf3 Be7 23. Rfd2 Be4 24. b4 Rbc8 25. a4 Rc6 26. a5 Rfc8 27. Kh2 h5 28. Ne1 Re8 29. Nd3 h4 30. Nf2 Re6 31. Nxe4 dxe4 32. Re2 f6 33. exf6 Bd6+ 34. Kg1 gxf6 35. Rf1 Rf8 36. Rf5 Kg7 37. Rd5 Kg6 38. Bf2 Rh8 39. Bd4 Rh7 40. Bc5 Bg3 41. c4 f5 42. b5 axb5 43. cxb5 Rb7 44. b6 Rc6 45. Kf1 Rc8 46. Rc2 f4 47. Ke2 Rf7 48. a6 f3+ 49. gxf3 exf3+ 50. Kd3 f2 51. Bxf2 Bxf2 52. b7 Re8 53. Rxf2 Rxf2 54. a7 Rf3+ 55. Kd4 Rff8 56. Kc5 Rf1 57. b8Q Rc1+ 58. Kd6 Rcc8 59. Qb1+ 1-0